000 00340nam a2200133Ia 4500
008 240624s9999 xx 000 0 und d
041 _aeng
082 _a823 WAL
100 _aWALLER ROBERT JAMES
245 _aHIGH PLAINS TANGO A NOVEL
260 _c2005
_aNew York
_bShaye areheart books
300 _a281 : p. : cm. ; 24
365 _c
_b20
999 _c11506
_d11506